header

Germany-Serbia remittance corridor (Record no. 81070)

MARC details
000 -LEADER
fixed length control field 01220nam a2200301Ia 4500
100 1# - MAIN ENTRY--AUTHOR NAME
Personal name Martinez, Jose De Luna.
245 10 - TITLE STATEMENT
Title Germany-Serbia remittance corridor
260 ## - PUBLICATION, DISTRIBUTION, ETC. (IMPRINT)
Place of publication Washington, D.C. :
Name of publisher World Bank,
Year of publication 2006.
300 ## - PHYSICAL DESCRIPTION
Number of Pages x, 53 p. :
Other physical details ill., maps.
650 #0 - SUBJECT ADDED ENTRY--TOPICAL TERM
Topical Term International finance.
Topical Term International economic relations.
700 1# - ADDED ENTRY--PERSONAL NAME
Personal name Endo, Isaku.
Personal name Barberis, Corrado.
856 40 - ELECTRONIC LOCATION AND ACCESS
Uniform Resource Identifier http://site.ebrary.com/lib/rucke/Doc?id=10126095

No items available.

© 2026 Rongo University
Contact us: librarian | system librarian | Rongo university